Le prophète (Record no. 171326)

MARC details
000 -LEADER
campo de control de longitud fija 00904nam a22002535i 4500
001 - NÚMERO DE CONTROL
campo de control 171326
003 - IDENTIFICADOR DE NÚMERO DE CONTROL
campo de control ES-MaACL
005 - FECHA Y HORA DE LA ÚLTIMA TRANSACCIÓN
campo de control 20230906214613.0
008 - DATOS DE LONGITUD FIJA--INFORMACIÓN GENERAL
campo de control de longitud fija 090511s1904 fr |||| | fre d
080 ## - NÚMERO DE LA CLASIFICACIÓN DECIMAL UNIVERSAL
Número de la Clasificación Decimal Universal 782.1
100 1# - ENTRADA PRINCIPAL--NOMBRE DE PERSONA
Nombre de persona Scribe, Eugène.
9 (RLIN) 104966
245 13 - MENCIÓN DEL TÍTULO
Título Le prophète
Resto del título : opéra en cinq actes /
Mención de responsabilidad, etc. [paroles d'Eugène Scribe] ; musique de G. Meyerbeer.
260 ## - PUBLICACIÓN, DISTRIBUCIÓN, ETC.
Lugar de publicación, distribución, etc. Paris :
Nombre del editor, distribuidor, etc. Stock :
-- Calman-Lévy,
Fecha de publicación, distribución, etc. 1904.
300 ## - DESCRIPCIÓN FÍSICA
Extensión 82, 15 p. ;
Dimensiones 18 cm.
490 1# - MENCIÓN DE SERIE
Mención de serie Théatre
490 1# - MENCIÓN DE SERIE
Mención de serie Oeuvres complètes d'Eugène Scribe. 3e série ;
Designación de volumen o secuencia 47
594 ## - Nota al título y mención de responsabilidad
Nota al título y mención de responsabilidad Nombre del autor manuscrito.
650 #4 - PUNTO DE ACCESO ADICIONAL DE MATERIA--TÉRMINO DE MATERIA
Término de materia o nombre geográfico como elemento de entrada Óperas-
Subdivisión de forma Libretos.
9 (RLIN) 137584
700 1# - ENTRADA AGREGADA--NOMBRE PERSONAL
Nombre de persona Meyerbeer, Giacomo.
9 (RLIN) 80809
830 0# - PUNTO DE ACCESO ADICIONAL DE SERIE-TÍTULO UNIFORME
Título uniforme Théatre
9 (RLIN) 184880
830 0# - PUNTO DE ACCESO ADICIONAL DE SERIE-TÍTULO UNIFORME
Título uniforme Oeuvres complètes d'Eugène Scribe. 3e série ;
Designación de volumen o secuencia 47
9 (RLIN) 223166
852 4# - LOCALIZACIÓN
Ubicación ES-MaACL
Número de control de estantería E-12636
itemnumber R.140217
Nota libre . - Biblioteca Jacinto Martínez Lacalle
Holdings
Estatus retirado Estado de pérdida Estado de daño No para préstamo Biblioteca de origen Biblioteca actual Ubicación en estantería Fecha de adquisición Fuente de adquisición Total de préstamos Signatura topográfica completa Código de barras Visto por última vez Precio de reemplazo Tipo de ítem Koha
        Biblioteca del Ateneo de Madrid Biblioteca del Ateneo de Madrid Depósito 2 11/05/2009     E-12636 1179797 23/02/2023 23/02/2023 Libro impreso